000 00628cgm a22002051 4500
001 0000019338
005 20151217161727.0
007 vf cbahou
008 101103s xx--- vleng d
040 _aKABU
_cKABU
110 2 _aIntegrated Regional Information Networks (IRIN)
_@0000159764
245 0 0 _aLove, positively
_h[videorecording] /
_cIRIN.
260 _aNairobi :
_bIRIN,
_c2008.
300 _a1 videodisc (17 min.) :
_bsd., col ;
_c4 3/4 in.
538 _aDVD.
650 0 _aAIDS (Disease)
_zUganda.
_@0000179061
908 _a101103
950 _@1
999 _c15570
_d15570